000 00473pab a2200181 454500
008 180718b2012 xxu||||| |||| 00| 0 eng d
100 _aSahoo, Pravakar
245 _aThe economic relations of China and India with Pakistan: A comparative analysis
260 _c2012
300 _ap.1-35.
362 _aJun
650 _aInvestment
650 _aTrade
650 _aEconomic relations
773 _aAsia-Pacific Development Journal
908 _aN
909 _a97865
999 _c97864
_d97864